01174nam a2200241 a 4500001001000000003000900010005001700019008004100036020001800077040002500095082002700120245026300147250001100410260008300421300003100504490008600535600005300621610004700674650003900721651005800760700003800818830007600856000006460DO-SdBNP20250113131851.0090831s2007 dr c r 000 0 spa d a9789945161083 aDO-SdBNPbspacBNPHU a972.93054bC111f, 200700aCaamaño frente a la O.E.A. :bactas de las reuniones del gobierno constitucional que encabezó el presidente constitucional Francisco Alberto Caamaño Deñó, con la Comisión de la O.E.A. y otros documentos relativos a la Guerra Patria de abril 1965. a2a ed. aSanto Domingo :bComisión Permanente de Efemérides Patrias,fBúhoc2007. a326 p. :bretrs. ;c23 cm.1 aPublicaciones de la Comisión Permanente de Efemérides Patrias 2004-2007 ;v1914aCaamaño Deño, Francisco Alberto, d1932-197320aOrganización de los Estados Americanos  4aGuerrillaszRepública Dominicana 4aRepública DominicanaxHistoriayRevolución , 19651 aCury, Jottin,d1921-2011epról. 0aPublicaciones de la Comisión Permanente de Efemérides Patrias ;n19